Paroles - Sang pour sang - Johnny Hallyday - Statistiques

Statistiques générales
  • Ce quiz a été pris 248 fois
  • Le résultat moyen est 168 sur 224
Statistiques - réponses
Réponse % Correct
pour
99%
sang
98%
se
97%
on
96%
On
96%
De
95%
de
95%
le
95%
À
94%
à
94%
est
94%
au
93%
Au
93%
les
93%
Les
93%
ressemble
93%
nos
89%
coups
88%
Des
88%
des
88%
différences
88%
si
88%
delà
87%
en
86%
face
86%
J'ai
86%
pas
86%
qu'on
86%
Maintenant
85%
la
84%
La
84%
mots
84%
tes
84%
toujours
84%
trouvé
84%
silences
82%
et
80%
force
78%
me
77%
tous
77%
Tous
77%
devenu
76%
grand
76%
par
76%
d'enfant
75%
gueule
73%
rêves
73%
su
73%
jour
72%
Qui
72%
qui
72%
deux
71%
Ensemble
71%
Comme
69%
comme
69%
d'échanger
69%
pu
67%
zéro
67%
bercer
65%
Ce
65%
double
65%
faire
65%
même
65%
tant
65%
d'amour
62%
feu
61%
sur
61%
coeurs
60%
comment
60%
glace
60%
un
60%
blessures
59%
Paralysé
59%
s'apprivoise
59%
battements
58%
Dis
58%
nous
58%
entre
57%
j'aurais
57%
mains
57%
vers
57%
détresse
56%
jamais
56%
lignes
56%
longueur
56%
Mes
56%
mes
56%
points
56%
signaux
56%
soigner
56%
Tu
56%
bons
54%
confondent
54%
d'ondes
54%
Étaient
54%
futur
54%
gestes
54%
Guider
54%
Oui
54%
Pris
54%
trouver
52%
une
52%
vie
52%
autre
50%
temps
50%
pouvaient
48%
d'un
47%
avenir
46%
plus
46%
promesse
46%
Peu
45%
peu
45%
rire
45%
passe
44%
reste
44%
éclats
43%
présent
43%
douleur
41%
doutes
40%
trace
39%
miroir
38%
comprend
37%
garde
37%
importe
37%
qu'une
37%
s'éfface
37%
menace
36%
d'innocent
35%
offense
34%
n'en
32%
Puisqu'on
32%
renvoies
32%
J'n'ai
31%
Aucun quiz correspondant
Distribution des résultats
% des personnes avec chaque résultat
Percentile par nombre de réponses
Votre historique - résultats
Vous n’avez pas pris ce quiz